Score 0/16 Timer 03:00
0 Plays Today
Name Missing Word % Correct
______ the PoohWinnie
97.7%
______ the RipperJack
97.2%
______ the BaptistJohn
93.3%
______ the BuilderBob
91%
______ the ExplorerDora
88.7%
______ the Tank EngineThomas
88.1%
______ the HunAttila
85%
______ the BarbarianConan
84.9%
Name Missing Word % Correct
______ the GrouchOscar
83.9%
______ the FrogKermit
75%
______ the KnifeMack
66.8%
______ the GiantAndre
63%
______ the ImpalerVlad
63%
______ the EntertainerCedric
62.7%
______ the DuckHoward
45.8%
______ the ElderPliny
27.3%

Today's Daily Dose

Remove Ads.
Support Sporcle.
Get the best of Sporcle when you Go Orange. This ad-free experience offers more features, more stats, and more fun while also helping to support Sporcle. Thank you for becoming a member.

You're not logged in!

Compare scores with friends on all Sporcle quizzes.
OR
Log In

Show Comments

Extras

Top Quizzes Today


Score Distribution

Your Account Isn't Verified!

In order to create a playlist on Sporcle, you need to verify the email address you used during registration. Go to your Sporcle Settings to finish the process.

Report this User

Report this user for behavior that violates our Community Guidelines.

Details: